| 000 | 01030nam a22002897a 4500 | ||
|---|---|---|---|
| 001 | 000605 | ||
| 003 | DO-SdBNP | ||
| 005 | 20180131132958.0 | ||
| 007 | 000605 | ||
| 008 | 161026b 1989 sp a ||||| |||| 00| 0 spa d | ||
| 020 | _a8427249195 | ||
| 040 |
_aBPMSU _bspa _cBPMSU |
||
| 041 | 1 | 7 |
_aspa _heng |
| 082 |
_axxxx _bxxxx |
||
| 100 | 1 |
_aArden, William, _d1924-2005. |
|
| 240 | 1 | 0 |
_aThe secret of the phantom lake. _lEspañol |
| 245 | 1 | 0 |
_aMisterio del lago fantasma / _ctexto de Willian Arden ; traducción de M. Giménez ; ilustraciones de R. Escolano. |
| 246 | 1 | 0 | _aAlfred Hitchcock y Los Tres Investigadores en Misterio del lago fantasma. |
| 260 |
_aBarcelona : _bMolino, _c1989. |
||
| 300 |
_a173 p. : _bil. ; _c21 cm. |
||
| 490 | 1 |
_aAlfred Hitchcock y los Tres Investigadores _v19 |
|
| 700 | 1 | 2 |
_aGiménez Sales, Miguel, _d1922- _etr. |
| 830 | 0 |
_aAlfred Hitchcock y los Tres Investigadores ; _v19 |
|
| 942 |
_2ddc _cBK |
||
| 945 | _aInventariado, 2018/ YL | ||
| 956 |
_2LOPEREZ _310 _620161026 _8BPMSU _a00041 |
||
| 999 |
_c11693 _d11693 |
||